Statistics for Billboard #1 Hits of 1995

Click here to take the quiz!

General Stats

  • This quiz has been taken 46 times
  • The average score is 6 of 12

Answer Stats

weeksact1st wordsong% Correct
3Coolio feat LVgangsta'sGangsta's Paradise
85%
1SealkissKiss From a Rose
72%
7TLCw______Waterfalls
72%
4TLCc____Creep
56%
7MadonnatakeTake a Bow
56%
7Montell JordanthisThis Is How We Do It
56%
3Boyz II MenonOn Bended Knee
46%
1Michael JacksonyouYou Are Not Alone
46%
8Mariah Careyf_____Fantasy
41%
5Mariah Carey & Boyz II MenoneOne Sweet Day
38%
5Bryan AdamshaveHave You Ever Really Loved a Woman?
36%
1Whitney Houstone_____Exhale (Shoop Shoop)
21%

Score Distribution

Percentile by Number Answered

Percent of People with Each Score

Your Score History

You have not taken this quiz